Identical upside down flags - Statistiques

Statistiques générales
  • Ce quiz a été pris 15 fois
  • Le résultat moyen est 6 sur 15
Statistiques - réponses
Hint Réponse % Correct
Europe Austria
75%
Asia Japan
67%
Asia Thailand
58%
Africa Nigeria
50%
North America Costa Rica
42%
Europe Latvia
42%
South America Peru
42%
Europe Switzerland
42%
Africa Botswana
33%
Asia Georgia
33%
Asia Laos
33%
Asia Israël
25%
Europe North Macedonia
17%
Oceania F.S. Micronesia
8%
North America Jamaica
8%
Aucun quiz correspondant
Distribution des résultats
% des personnes avec chaque résultat
Percentile par nombre de réponses
Votre historique - résultats
Vous n’avez pas pris ce quiz